الاشكال / (Record no. 35212)

MARC details
000 -LEADER
fixed length control field 00619nam a22001937a 4500
005 - DATE AND TIME OF LATEST TRANSACTION
control field 20251108165931.0
008 - FIXED-LENGTH DATA ELEMENTS--GENERAL INFORMATION
fixed length control field 250721s1979 xx 000 0 ara d
082 14 - DEWEY DECIMAL CLASSIFICATION NUMBER
Classification number ط/372.6/شير
100 1# - MAIN ENTRY--PERSONAL NAME
Personal name الخطيب، أحمد
Relator term رسام
245 10 - TITLE STATEMENT
Title الاشكال /
264 1# - PRODUCTION, PUBLICATION, DISTRIBUTION, MANUFACTURE, AND COPYRIGHT NOTICE
Place of production, publication, distribution, manufacture لافبورو :
Name of producer, publisher, distributor, manufacturer ليذيبرد بوك ليمتد،
Date of production, publication, distribution, manufacture, or copyright notice 1979.
300 ## - PHYSICAL DESCRIPTION
Extent 51ص.
490 0# - SERIES STATEMENT
Series statement مصور بالالوان - سلسلة ليديبرد
650 17 - SUBJECT ADDED ENTRY--TOPICAL TERM
Topical term or geographic name as entry element لغة عربية
650 17 - SUBJECT ADDED ENTRY--TOPICAL TERM
Topical term or geographic name as entry element دراسة و تدريس
653 ## - INDEX TERM--UNCONTROLLED
Uncontrolled term أطفال ما قبل المدرسة ( 0 - 5 سنوات )
942 ## - ADDED ENTRY ELEMENTS (KOHA)
Source of classification or shelving scheme Dewey Decimal Classification
Koha item type Books
Holdings
حالة السحب حالة الفقدان مصدر التصنيف حالة التلف غير قابل للإعارة المكتبة الرئيسية المكتبة الحالية موقع الرف تاريخ التزويد الرقم المتسلسل Total Checkouts رقم الإستدعاء تاريخ آخر ظهور تاريخ الفاتورة نوع المادة (كوها) الباركود
    Dewey Decimal Classification     مكتبة الراية الهاشمية للأطفال مكتبة الراية الهاشمية للأطفال الأطفال 15/01/2003 295947   ط/372.6/شير 28/07/2025 15/01/2003 Books PLD00348575
    Dewey Decimal Classification     مكتبة الياسمين للأطفال مكتبة الياسمين للأطفال الأطفال 23/03/2014 559842   ط/372.6/شير 28/07/2025 23/03/2014 Books PLD00295995
    Dewey Decimal Classification Unchecked   مكتبة حمزة العامة مكتبة حمزة العامة الأطفال 06/07/2004 268   ط/372.6/شير 28/07/2025 06/07/2004 Books  
Implemented & Customized by: BBB with SCIT (Smart Chains for Information Technology)

Powered by Koha